000 00336nam a2200121Ia 4500
005 20260328101504.0
008 260328s9999||||xx |||||||||||||| ||und||
100 _aCranston Jones
245 0 _aMarcel Breuer :
_b Cosntrucciones y Proyectos (1921-1961) /
_cCranston Jones
260 _bGustavo Gili
650 _aBreuer, Marcel
942 _cBK
999 _c8988
_d8988